[Event "USA-ch (Women)"]
[Site "Parsippany"]
[Date "1996.??.??"]
[Round "6"]
[White "Tverskaya, Julia"]
[Black "Hahn, Anna"]
[Result "0-1"]
[WhiteElo "2195"]
[BlackElo "2165"]
[PlyCount "60"]
[EventDate "1996.07.??"]
[EventType "tourn"]
[EventRounds "9"]
[EventCountry "USA"]
[SourceTitle "EXT 1998"]
[Source "ChessBase"]
[SourceDate "1997.11.17"]
[SourceVersion "1"]
[SourceVersionDate "1997.11.17"]
[SourceQuality "1"]

1. e4 e5 2. Nf3 Nc6 3. Bb5 a6 4. Ba4 Nf6 5. 0-0 Be7 6. Re1 b5 7. Bb3 0-0 8. c3 d5 9. exd5 Nxd5 10. Nxe5 Nxe5 11. Rxe5 c6 12. d4 Bd6 13. Re1 Qh4 14. g3 Qh3 15. Be3 Bg4 16. Qd3 Rae8 17. Nd2 Qh5 18. Bd1 Bxd1 19. Raxd1 f5 20. Nf1 f4 21. Bc1 f3 22. Rxe8 Rxe8 23. h4 h6 24. Nd2 Bxg3 25. Nxf3 Bf4 26. Ne1 Qg4+ 27. Kf1 Qxh4 28. Qf3 Bxc1 29. Rxc1 Rf8 30. Qg2 Ne3+ 0-1

[Event "Olympiad Women-31"]
[Site "Moscow"]
[Date "1994.12.13"]
[Round "12"]
[White "Socko, Monika"]
[Black "Tverskaya, Julia"]
[Result "1-0"]
[WhiteElo "2265"]
[BlackElo "2155"]
[PlyCount "105"]
[EventDate "1994.12.01"]
[EventType "team-swiss"]
[EventRounds "14"]
[EventCountry "RUS"]
[SourceTitle "EXT 2019"]
[Source "ChessBase"]
[SourceDate "2018.10.10"]
[SourceVersion "1"]
[SourceVersionDate "2018.10.10"]
[SourceQuality "1"]
[WhiteTeam "Poland (W)"]
[BlackTeam "United States (W)"]
[WhiteTeamCountry "POL"]
[BlackTeamCountry "USA"]

1. c4 Nf6 2. Nc3 g6 3. g3 d5 4. cxd5 Nxd5 5. Bg2 Nb6 6. d4 Bg7 7. e3 0-0 8. Nge2 Nc6 9. d5 Na5 10. 0-0 e6 11. e4 exd5 12. Nxd5 Nxd5 13. exd5 Nc4 14. Qb3 Nd6 15. Bf4 b6 16. Rac1 Ba6 17. Rfe1 Re8 18. Nc3 Rxe1+ 19. Rxe1 Bc4 20. Qc2 Rc8 21. h4 Qd7 22. Bg5 Re8 23. Rxe8+ Qxe8 24. Ne4 Nxe4 25. Qxe4 Qxe4 26. Bxe4 Bxa2 27. Bf4 f5 28. Bf3 Bxb2 29. Bxc7 Kf7 30. Bb8 a5 31. d6 Be6 32. Bc6 Be5 33. f4 Bd4+ 34. Kh2 Bf6 35. Bc7 Bb3 36. d7 a4 37. d8Q Bxd8 38. Bxd8 Ke6 39. Bxb6 Kd6 40. Bf3 a3 41. Bd4 Ke6 42. Kg2 a2 43. Kf2 h6 44. Ke3 Kd6 45. Kd3 Ke6 46. Bb2 Kd6 47. Kd4 Ke6 48. Be2 Kf6 49. Bc4 Bc2 50. Kd5+ Kf7 51. Ke5+ Kg7 52. Bxa2 Kh7 53. Kf6 1-0

[Event "Olympiad Women-31"]
[Site "Moscow"]
[Date "1994.12.01"]
[Round "1"]
[White "Walta, Paivi"]
[Black "Tverskaya, Julia"]
[Result "1/2-1/2"]
[WhiteElo "2015"]
[BlackElo "2155"]
[PlyCount "75"]
[EventDate "1994.12.01"]
[EventType "team-swiss"]
[EventRounds "14"]
[EventCountry "RUS"]
[SourceTitle "EXT 2019"]
[Source "ChessBase"]
[SourceDate "2018.10.10"]
[SourceVersion "1"]
[SourceVersionDate "2018.10.10"]
[SourceQuality "1"]
[WhiteTeam "Finland (W)"]
[BlackTeam "United States (W)"]
[WhiteTeamCountry "FIN"]
[BlackTeamCountry "USA"]

1. e4 e5 2. Nf3 Nc6 3. Bc4 Nf6 4. d3 Be7 5. c3 0-0 6. Nbd2 d5 7. exd5 Nxd5 8. Ne4 Bf5 9. 0-0 Bg6 10. Re1 a6 11. a4 Re8 12. a5 Nf6 13. Qb3 Nxe4 14. dxe4 Rb8 15. Rd1 Bd6 16. Bg5 Qd7 17. Nd2 Nd8 18. Be3 Ne6 19. f3 Qe7 20. Kh1 Kh8 21. Qc2 f6 22. b4 Bf7 23. Bf1 Rbc8 24. Nc4 Red8 25. Nxd6 Rxd6 26. Rxd6 Qxd6 27. Rd1 Qb6 28. Qb2 Rd8 29. Rxd8+ Nxd8 30. b5 axb5 31. Bxb5 Qd6 32. Be2 h6 33. h3 Kh7 34. Qb5 Be6 35. c4 Qa3 36. Bg1 Qd6 37. c5 Qd2 38. Bf1 1/2-1/2

[Event "USA-ch (Women)"]
[Site "USA"]
[Date "1994.??.??"]
[Round "5"]
[White "Tverskaya, Julia"]
[Black "Burtman, Sharon"]
[Result "1/2-1/2"]
[WhiteElo "2125"]
[BlackElo "2035"]
[PlyCount "65"]
[EventDate "1994.??.??"]
[EventType "tourn"]
[EventRounds "9"]
[EventCountry "USA"]
[SourceTitle "EXT 1998"]
[Source "ChessBase"]
[SourceDate "1997.11.17"]
[SourceVersion "1"]
[SourceVersionDate "1997.11.17"]
[SourceQuality "1"]

1. e4 c5 2. Nf3 Nc6 3. d4 cxd4 4. Nxd4 g6 5. Nc3 Bg7 6. Nb3 Nf6 7. Be2 0-0 8. 0-0 d6 9. Bg5 Be6 10. Kh1 Na5 11. e5 Nxb3 12. exf6 exf6 13. Bxf6 Bxf6 14. axb3 d5 15. Bf3 d4 16. Ne4 Bg7 17. Nc5 Qb6 18. Nxb7 Rac8 19. Na5 Rc5 20. Qd2 Rfc8 21. Be4 Qc7 22. Bd3 Rxc2 23. Bxc2 Qxc2 24. Qxc2 Rxc2 25. Nc4 d3 26. Rxa7 Bxb2 27. Nxb2 Rxb2 28. Ra8+ Kg7 29. h3 d2 30. Rb8 Bc4 31. bxc4 Rxb8 32. Rd1 Rc8 33. Rxd2 1/2-1/2

[Event "USA-ch (Women)"]
[Site "Long Beach"]
[Date "1993.??.??"]
[Round "?"]
[White "Belakovskaia, Anjelina"]
[Black "Tverskaya, Julia"]
[Result "1/2-1/2"]
[WhiteElo "2290"]
[BlackElo "2090"]
[PlyCount "119"]
[EventDate "1993.??.??"]
[EventType "tourn"]
[EventRounds "9"]
[EventCountry "USA"]
[SourceTitle "EXT 1998"]
[Source "ChessBase"]
[SourceDate "1997.11.17"]
[SourceVersion "1"]
[SourceVersionDate "1997.11.17"]
[SourceQuality "1"]

1. d4 Nf6 2. c4 g6 3. Nc3 Bg7 4. e4 d6 5. f4 c5 6. d5 0-0 7. Nf3 e6 8. Be2 exd5 9. cxd5 Re8 10. Nd2 Na6 11. 0-0 Nc7 12. a4 a6 13. Bf3 Rb8 14. a5 Nb5 15. Nxb5 axb5 16. Qb3 Bd7 17. Re1 Qc7 18. Nf1 Ra8 19. Bd2 b4 20. h3 Bb5 21. Qc2 Rxa5 22. Rxa5 Qxa5 23. e5 Nd7 24. e6 Nf6 25. f5 Bxf1 26. Rxf1 Qa2 27. exf7+ Kxf7 28. fxg6+ hxg6 29. Be4 Kg8 30. Bxg6 Re5 31. Bxb4 Qxd5 32. Bc3 Re6 33. Bf5 Re7 34. Rd1 Qc6 35. Qd3 d5 36. Qg3 d4 37. Be1 Qe8 38. Bf2 Qh5 39. Bg4 Nxg4 40. hxg4 Qe5 41. Qb3+ Qe6 42. Qb5 Qe2 43. Rd3 Rf7 44. Bg3 Bf8 45. Qb3 b5 46. Rf3 c4 47. Qxb5 Qd1+ 48. Kf2 Qd2+ 49. Kg1 Qc1+ 50. Kf2 Qe3+ 51. Kf1 Rxf3+ 52. gxf3 Qxf3+ 53. Bf2 Qh3+ 54. Ke1 Qh1+ 55. Kd2 c3+ 56. bxc3 dxc3+ 57. Kc2 Qe4+ 58. Qd3 Qa4+ 59. Kxc3 Qa3+ 60. Kc2 1/2-1/2

[Event "Jakarta Interzonal (Women)"]
[Site "Jakarta"]
[Date "1993.??.??"]
[Round "?"]
[White "Safranska, Anda"]
[Black "Tverskaya, Julia"]
[Result "1-0"]
[WhiteElo "2290"]
[BlackElo "2090"]
[PlyCount "109"]
[EventDate "1993.07.??"]
[EventType "swiss"]
[EventRounds "13"]
[EventCountry "INA"]
[SourceTitle "EXT 1997"]
[Source "ChessBase"]
[SourceDate "1996.11.15"]
[SourceVersion "1"]
[SourceVersionDate "1996.11.15"]
[SourceQuality "1"]

1. e4 c5 2. Nc3 Nc6 3. f4 g6 4. Nf3 Bg7 5. Bc4 e6 6. 0-0 Nge7 7. d3 0-0 8. Bb3 d6 9. Qe1 a6 10. a4 Bd7 11. Qh4 Nd4 12. Nxd4 cxd4 13. Ne2 Nc6 14. Qf2 Rc8 15. Bd2 a5 16. Ng3 Qh4 17. c3 Rc7 18. Rac1 Rfc8 19. Bc4 b6 20. Bb5 f5 21. cxd4 Bxd4 22. Be3 Qf6 23. Ba6 Bxe3 24. Qxe3 Rb8 25. Rc3 Ra7 26. Bb5 Qd4 27. Kf2 Qxe3+ 28. Kxe3 Nb4 29. Bxd7 Rxd7 30. Rfc1 Kf7 31. Rc8 Rxc8 32. Rxc8 d5 33. e5 d4+ 34. Kd2 Nd5 35. Ne2 Ne3 36. Rc6 Nxg2 37. Rxb6 g5 38. fxg5 f4 39. b4 f3 40. Ng3 axb4 41. Rxb4 Kg6 42. Rb6 Ra7 43. Rxe6+ Kxg5 44. Rf6 Nh4 45. Ne4+ Kg4 46. e6 Ng6 47. Nf2+ Kg5 48. Rxf3 Rxa4 49. Ne4+ Kh6 50. Rf7 Ra2+ 51. Kd1 Ra1+ 52. Kc2 Ra5 53. e7 Re5 54. Nf6 Nxe7 55. Ng4+ 1-0

[Event "USA-ch (Women)"]
[Site "Long Beach"]
[Date "1993.??.??"]
[Round "?"]
[White "Tverskaya, Julia"]
[Black "Burtman, Sharon"]
[Result "1-0"]
[WhiteElo "2090"]
[BlackElo "2055"]
[PlyCount "107"]
[EventDate "1993.??.??"]
[EventType "tourn"]
[EventRounds "9"]
[EventCountry "USA"]
[SourceTitle "EXT 1998"]
[Source "ChessBase"]
[SourceDate "1997.11.17"]
[SourceVersion "1"]
[SourceVersionDate "1997.11.17"]
[SourceQuality "1"]

1. e4 c5 2. Nf3 Nc6 3. d4 cxd4 4. Nxd4 g6 5. Nc3 Bg7 6. Be3 Nf6 7. f3 d5 8. Bb5 0-0 9. Bxc6 bxc6 10. Nxc6 Qd7 11. Nxd5 Nxd5 12. Qxd5 Qxd5 13. Nxe7+ Kh8 14. Nxd5 Rb8 15. Rb1 Be6 16. b3 Rfc8 17. c4 Rxc4 18. Bxa7 Rb7 19. Rd1 Rc2 20. Be3 Rxa2 21. 0-0 Rxb3 22. Rf2 Rxf2 23. Kxf2 h5 24. Nf4 Rb2+ 25. Rd2 Rxd2+ 26. Bxd2 Bc4 27. Be3 Kg8 28. Bc5 Be5 29. Nd5 Bb5 30. g3 Bb2 31. f4 Bg7 32. Ke3 Bf1 33. Bd4 Bxd4+ 34. Kxd4 Kf8 35. Ke5 Kg7 36. f5 Bb5 37. fxg6 Kxg6 38. h4 Bc4 39. Nf4+ Kh6 40. Kf6 Bb3 41. Nd5 Bc2 42. Nc3 Bb3 43. Nb5 Kh7 44. Kg5 Bd1 45. Nc3 Bg4 46. Nd5 Kg7 47. Nf6 Bf3 48. Nxh5+ Kf8 49. Nf6 Kg7 50. Ne8+ Kf8 51. Nd6 Kg8 52. Kf6 Bh5 53. Nf5 Kf8 54. Nh6 1-0

[Event "USA-ch (Women)"]
[Site "Waltham"]
[Date "1992.??.??"]
[Round "6"]
[White "Tverskaya, Julia"]
[Black "Epstein, Esther"]
[Result "1/2-1/2"]
[WhiteElo "2050"]
[BlackElo "2255"]
[PlyCount "140"]
[EventDate "1992.??.??"]
[EventType "tourn"]
[EventRounds "9"]
[EventCountry "USA"]
[SourceTitle "EXT 2002"]
[Source "ChessBase"]
[SourceDate "2001.11.25"]
[SourceVersion "1"]
[SourceVersionDate "2001.11.25"]
[SourceQuality "1"]

1. e4 c5 2. Nf3 e6 3. d4 cxd4 4. Nxd4 Nf6 5. Nc3 d6 6. g4 h6 7. g5 hxg5 8. Bxg5 Nc6 9. Bg2 Bd7 10. Qd2 Nxd4 11. Qxd4 Qa5 12. h4 Bc6 13. 0-0-0 0-0-0 14. Bxf6 gxf6 15. Qxf6 Rg8 16. Bh3 Qh5 17. Rhg1 Qh6+ 18. Qxh6 Bxh6+ 19. Kb1 Kc7 20. a4 a6 21. a5 Rg7 22. Rg3 Rh8 23. Rdg1 Rgh7 24. h5 Bf4 25. Rf3 Be5 26. Bg4 f5 27. exf5 Bxf3 28. Bxf3 Bxc3 29. bxc3 Rf8 30. Be4 exf5 31. Bf3 Kd7 32. Rg5 Ke6 33. Kc1 Ke5 34. Kd2 Kf4 35. Rg3 Rc8 36. Be2 Rc5 37. Rg6 d5 38. h6 Rxa5 39. Bd3 Ra1 40. Rf6 Rh1 41. Rxf5+ Kg4 42. f3+ Kh4 43. Rf6 Kg5 44. Rg6+ Kh5 45. Rb6 Rxh6 46. Rxb7 Ra1 47. Rd7 Ra5 48. Ke3 Kg5 49. f4+ Kf6 50. Rd6+ Kg7 51. Rd7+ Kf6 52. Rd6+ Kg7 53. Rd7+ Kf8 54. f5 Ke8 55. Ra7 Ra4 56. Rb7 Rh3+ 57. Kd2 Kf8 58. Rd7 Ra5 59. Rd6 Ke7 60. Re6+ Kf7 61. Bxa6 Rc5 62. Bd3 Rh2+ 63. Ke3 Rh4 64. Rd6 Ra4 65. Rd7+ Kf6 66. Rd6+ Ke7 67. Re6+ Kf7 68. Rd6 Rh4 69. Rd7+ Kf6 70. Rd6+ Ke7 1/2-1/2

[Event "USA-ch (Women)"]
[Site "Waltham"]
[Date "1992.??.??"]
[Round "8"]
[White "Tverskaya, Julia"]
[Black "Frenkel, Vera"]
[Result "1-0"]
[WhiteElo "2050"]
[BlackElo "2120"]
[PlyCount "59"]
[EventDate "1992.??.??"]
[EventType "tourn"]
[EventRounds "9"]
[EventCountry "USA"]
[SourceTitle "EXT 2002"]
[Source "ChessBase"]
[SourceDate "2001.11.25"]
[SourceVersion "1"]
[SourceVersionDate "2001.11.25"]
[SourceQuality "1"]

1. e4 e5 2. Nf3 d6 3. d4 f6 4. Bc4 c6 5. Nc3 Bg4 6. Be3 b5 7. Bxg8 Rxg8 8. d5 b4 9. dxc6 bxc3 10. Qd5 cxb2 11. Rb1 Qc7 12. Qxg8 Nxc6 13. Rxb2 Na5 14. 0-0 Rc8 15. Rfb1 Ke7 16. Nh4 Be6 17. Qxh7 Kd7 18. Nf5 Kc6 19. Qh5 Be7 20. Qe2 Bc4 21. Qd2 g6 22. Nh4 g5 23. Nf5 Kd7 24. Qd1 Ke8 25. Bd2 Bf7 26. Bxa5 Qxa5 27. Rb8 Be6 28. Nxd6+ Bxd6 29. Qxd6 Qxa2 30. R8b7 1-0

[Event "USA-ch (Women)"]
[Site "Highland Beach"]
[Date "1991.??.??"]
[Round "?"]
[White "Root, Alexey"]
[Black "Tverskaya, Julia"]
[Result "1/2-1/2"]
[WhiteElo "2030"]
[BlackElo "2040"]
[PlyCount "71"]
[EventDate "1991.??.??"]
[EventType "tourn"]
[EventRounds "9"]
[EventCountry "USA"]
[SourceTitle "EXT 1997"]
[Source "ChessBase"]
[SourceDate "1996.11.15"]
[SourceVersion "1"]
[SourceVersionDate "1996.11.15"]
[SourceQuality "1"]

1. e4 c5 2. Nc3 Nc6 3. g3 g6 4. Bg2 Bg7 5. d3 d6 6. Be3 e5 7. Qd2 Nd4 8. Nd1 b5 9. c3 Nc6 10. Ne2 Bb7 11. d4 Qe7 12. 0-0 Nf6 13. f3 0-0 14. d5 Nb8 15. g4 Nbd7 16. Ng3 Nb6 17. Bh6 Bxh6 18. Qxh6 Kh8 19. h4 Ng8 20. Qg5 f6 21. Qc1 Bc8 22. Ne3 Qf7 23. h5 Ne7 24. hxg6 hxg6 25. Kf2 Kg7 26. Rh1 Rh8 27. Rxh8 Kxh8 28. Qd2 Kg8 29. Rh1 Bd7 30. b3 Qg7 31. Bh3 Kf7 32. g5 Rh8 33. gxf6 Qxf6 34. Bxd7 Nxd7 35. Qe1 Rh4 36. Rxh4 1/2-1/2

[Event "USA-ch (Women)"]
[Site "Highland Beach"]
[Date "1991.??.??"]
[Round "?"]
[White "Tverskaya, Julia"]
[Black "Levitina, Irina S"]
[Result "1/2-1/2"]
[WhiteElo "2040"]
[BlackElo "2370"]
[PlyCount "92"]
[EventDate "1991.??.??"]
[EventType "tourn"]
[EventRounds "9"]
[EventCountry "USA"]
[SourceTitle "EXT 1997"]
[Source "ChessBase"]
[SourceDate "1996.11.15"]
[SourceVersion "1"]
[SourceVersionDate "1996.11.15"]
[SourceQuality "1"]

1. e4 c5 2. Nf3 d6 3. d4 cxd4 4. Nxd4 Nf6 5. Nc3 Nc6 6. Be2 e5 7. Nb3 Be7 8. Bg5 0-0 9. Qd2 a5 10. Bb5 Be6 11. 0-0 Na7 12. Bd3 b5 13. Bxf6 Bxf6 14. Nxb5 Nxb5 15. Bxb5 a4 16. Nc1 Qb6 17. c4 Rfc8 18. Qe2 Be7 19. Rb1 f5 20. b3 Qd4 21. exf5 Bxf5 22. Rb2 Bg5 23. bxa4 e4 24. Rb3 d5 25. Qh5 Qf6 26. f4 exf3 27. Qxf3 Be4 28. Qxf6 Bxf6 29. cxd5 Rc2 30. Rg3 Bxd5 31. Rxf6 Rxc1+ 32. Rf1 Rc2 33. a3 g6 34. Rd1 Be4 35. Rg4 Bf5 36. Rgd4 Kg7 37. R1d2 Rc3 38. Rd8 Rxd8 39. Rxd8 Rxa3 40. Rd2 Kf6 41. Kf2 Be6 42. Rd3 Ra2+ 43. Kf3 Kf5 44. g4+ Kg5 45. h3 h5 46. gxh5 gxh5 1/2-1/2

[Event "Moscow-ch (Women) 48th"]
[Site "Moscow"]
[Date "1985.02.??"]
[Round "?"]
[White "Konopleva, Natalia"]
[Black "Tverskaya, Julia"]
[Result "1-0"]
[WhiteElo "2165"]
[BlackElo "1910"]
[PlyCount "63"]
[EventDate "1985.02.??"]
[EventType "tourn"]
[EventRounds "15"]
[EventCountry "URS"]
[SourceTitle "EXT 2015"]
[Source "ChessBase"]
[SourceDate "2014.11.20"]
[SourceVersion "1"]
[SourceVersionDate "2014.11.20"]
[SourceQuality "1"]

1. d4 Nf6 2. Nf3 c5 3. c3 d5 4. g3 Nc6 5. Bg2 Bf5 6. dxc5 a5 7. Nd4 Bxb1 8. Rxb1 e6 9. Nxc6 bxc6 10. Qa4 Qc8 11. Be3 Nd7 12. c4 Bxc5 13. Bxc5 Nxc5 14. Qa3 Nb7 15. 0-0 Qd7 16. Rfd1 f5 17. Rbc1 Rc8 18. g4 fxg4 19. cxd5 cxd5 20. Rxc8+ Qxc8 21. Qa4+ Kf7 22. Qf4+ Ke7 23. Qxg4 g6 24. Qg5+ Ke8 25. Rc1 Qb8 26. e4 dxe4 27. Qf6 Kd7 28. Qg7+ Kd6 29. Bxe4 Rg8 30. Rd1+ Kc5 31. Qd4+ Kb5 32. a4+ 1-0

[Event "Moscow-ch (Women)"]
[Site "Moscow"]
[Date "1983.01.??"]
[Round "?"]
[White "Strutinskaya, Galina N"]
[Black "Tverskaya, Julia"]
[Result "1/2-1/2"]
[WhiteElo "2055"]
[BlackElo "1835"]
[PlyCount "55"]
[EventDate "1983.01.??"]
[EventType "tourn"]
[EventRounds "15"]
[EventCountry "URS"]
[SourceTitle "EXT 2011"]
[Source "ChessBase"]
[SourceDate "2010.11.26"]
[SourceVersion "1"]
[SourceVersionDate "2010.11.26"]
[SourceQuality "1"]

1. d4 Nf6 2. c4 g6 3. Nc3 Bg7 4. e4 d6 5. f4 0-0 6. Nf3 c5 7. d5 a6 8. a4 e6 9. Be2 exd5 10. cxd5 Re8 11. e5 dxe5 12. fxe5 Ng4 13. Bg5 Qa5 14. 0-0 Nxe5 15. d6 Be6 16. Nd5 Bxd5 17. Qxd5 Nbc6 18. Nxe5 Nxe5 19. d7 Nxd7 20. Rxf7 Bd4+ 21. Kh1 Nb6 22. Rf8+ Kxf8 23. Rf1+ Kg7 24. Qf7+ Kh8 25. Bf6+ Bxf6 26. Qxf6+ Kg8 27. Qf7+ Kh8 28. Qf6+ 1/2-1/2